00336nam a2200121Ia 4500008004000000020001800040082001500058100001500073245005000088260005200138300000800190650001600198210210b2001 xxu||||| |||| 00| 0 eng d a81 207 2289 2 a950.4 RAOH aRAO (B V). aHistory of Asia from early times to A.D.2000. aNew Delhi.bSterling Publishers Pvt Ltd.,c2001 a476 aModern Asia